zpět

Detail výsledku týmu

Kozlovka, Hradec Králové

Datum a čas kvízu

23.5 Celkem bodů Celkový počet nahraných bodů na tomto kvízu bez doplňovacích otázek.
12. Pořadí na kvízu Konečné umístění týmu na tomto kvízu.

Zaznamenané odpovědi

# Otázka Odpověď Body Výsledky
1. Ve středu se uskutečnilo letoš... Jablonec nad Nisou 1
2. Farmáři z australského Nového... borůvka 1
3. Organizace UNESCO přidala na s... v Berlíně 1
4. Některé provozovny jistého řet... McDonald's 0
5. Pokolikáté zvítězil fenomenáln... popáté (4 a 6 za půl bodu) 0
6. Téma začneme v Evropě. Seřaďte... 1D 2B 3C 4A 1
7. Vůdcem Kuby byl několik deseti... Raúl 0
8. Které z těchto zvířat nežije p... A 0
9. Jak se jmenuje nejlidnatější s... Indonésie, Jakarta 0
10. Jak se jmenuje ostrovní stát,... Maledivy 0